000
00295nam a22001337a 4500
008
181019b xxu||||| |||| 00| 0 eng d
020
_a
0407001328
041
_a
eng
080
_a
617
100
_a
8
101
_a
ORT
245
_a
Hid Disorders in Children
_c
Roberts, G.C.L
942
_2
udc
_c
BK
999
_c
50302
_d
50302